Europe ka Itihas (Record no. 222084)

MARC details
000 -LEADER
fixed length control field 00369nam a2200157Ia 4500
008 - FIXED-LENGTH DATA ELEMENTS--GENERAL INFORMATION
fixed length control field 230917s9999||||xx |||||||||||||| ||und||
020 ## - ISBN
Price RS40
040 ## - CATALOGING SOURCE
-- 142575
Original cataloging agency VIVEKANANDA LIBRARY
041 ## - Language
-- English
082 ## - DDC NUMBER
Classification number 940.28 M278E
100 ## - MAIN ENTRY--PERSONAL NAME
Personal name Mahajan, Saneh
245 #0 - TITLE STATEMENT
Title Europe ka Itihas
260 ## - PUBLICATION, DISTRIBUTION, ETC. (IMPRINT)
Place of publication, distribution, etc Delhi
Name of publisher, distributor, etc Pargati Publications
Date of publication, distribution, etc 1981
300 ## - PHYSICAL DESCRIPTION
Pages 290 p.
942 ## - ADDED ENTRY ELEMENTS (KOHA)
Koha item type Books
Holdings
Withdrawn status Lost status Damaged status Not for loan Location (home branch) Sublocation or collection (holding branch) Date acquired Koha issues (times borrowed) Koha full call number Accession No. Koha date last seen Koha item type
        VIVEKANANDA LIBRARY VIVEKANANDA LIBRARY 04/03/2010   940.28 M278E 88059 17/09/2023 Books
        VIVEKANANDA LIBRARY VIVEKANANDA LIBRARY 04/03/2010   940.28 M278E 88060 17/09/2023 Books
        VIVEKANANDA LIBRARY VIVEKANANDA LIBRARY 04/03/2010   940.28 M278E 88062 17/09/2023 Books
        VIVEKANANDA LIBRARY VIVEKANANDA LIBRARY 04/03/2010   940.28 M278E 89552 17/09/2023 Books
        VIVEKANANDA LIBRARY VIVEKANANDA LIBRARY 04/03/2010   940.28 M278E 92143 17/09/2023 Books
© Designed and Maintained by Vivekananda Library, MDU Rohtak